Statistics for Landmarks by Letter D - Picture Quiz

Click here to take the quiz!

General Stats

  • This quiz has been taken 188 times
  • The average score is 7 of 15

Answer Stats

Answer% Correct
Disney World
90%
{Danube} River
78%
Dome of the Rock
76%
Walls of {Dubrovnik}
58%
Denali
56%
Death Valley
55%
{Doge}'s Palace
54%
{Dachau} Concentration Camp
49%
{Devil}'s Town
47%
Delphi
32%
{Damascus} Gate
21%
Dead Sea
19%
Diamond Head
10%
Dodger Stadium
10%
{Dunkirk} Memorial
4%

Score Distribution

Percentile by Number Answered

Percent of People with Each Score

Your Score History

You have not taken this quiz